000 00942nam a2200289Ia 4500
003 OSt
005 20221005062032.0
006 a|||||r|||| 00| 0
007 ta
008 221004b |||||||| |||| 00| 0 eng d
020 _a9780415783617 (hbk)
_cUKP 45.00
024 _a35031
037 _b111009, 06/09/2017, International Book Distributors
_cTextual
040 _aCRL
_cCRL
_beng
041 _2eng
_aeng
082 _aV2:19, Q7
100 _aBasrur Rajesh Au.
_9601394
245 0 _aRising India
_b status and power
260 _aLondon
_bRoutledge UK
_c2017
300 _avii,139p.
_ccm.
650 _a INDIA - FOREIGN RELATIONS
_928675
650 _a INDIA - HISTORY
650 _aHISTORY
700 _a Sullivan de Estrada Kate Au.
_9601395
942 _hV2:19, Q7
_cTEXL
_2cc
999 _c969108
_d969108